01879nam a2200361Ia 450000500170000000800410001702000150005804100080007308200210008110000310010224502010013325000220033426400330035630000180038933600270040733700330043433800280046749000220049565000460051765000500056365000450061365100340065870000340069270000490072694200120077504000350078799900130082295201350083595201370097095201370110795201360124495201370138020220316235323.0121119s2002 ck gr 000 0cspa  a95830021350 aspa04aR 920.0861bN67C1 aNoreña, María Isabel, 10aCompendio de biografías colombianas b[literatura, historia, música, artes plásticas, ciencia]cMaría Isabel Noreña Blanco, Fernando Cortés J. ; ilustraciones, Jairo Linares Landínez aPrimera edición 1aBogotábPanamericanac2002 a352 páginas atextobtxt2rdacontent asin mediaciónbn2rdamedia avolumenbnc2rdacarrier0 aTemas colombianos142LEMBaLiteratos colombianosvBiografías142LEMBaHistoriadores colombianosvBiografías142LEMBaPintores colombianosvBiografías 4aColombiavBiografías9141381 aCortés J., Fernando91176641 aLinares Landínez, Jairoeilustrador916395 2ddccBK aCO-BoRNBPbspaerdacCO-BoRNBP c594d594 00102ddc40708GENaMEDORADObMEDORADOcREFd2023-02-23l0oR 920.0861 N67cpDOR01309r2023-02-23 00:00:00tEj.1w2023-02-23yBK 00102ddc40708GENaMEPLLERASbMEPLLERAScREFd2023-03-09l0oR 920.0861 N67cpPL00247r2023-03-09 00:00:00tEj.1w2023-03-09yREF 00102ddc40708GENaMEGUAMALbMEGUAMALcREFd2023-04-28l0oR 920.0861 N67cpGUA003462r2023-04-28 00:00:00tEj.1w2023-04-28yREF 00102ddc40708GENaMESMARTIbMESMARTIcREFd2023-07-28l0oR 920.0861 N67cpSM002258r2023-07-28 19:32:52tEj.1w2023-07-28yBK 00102ddc40708006aMEMAPIRIbMEMAPIRIcREFd2024-01-12l0oR 920.086 N67cpMAP00001329r2024-01-12 19:28:24tEj.1w2024-01-12yBK